000 nam a22 a 4500
999 _c1748
_d1748
003 AKMAL
005 20170511150808.0
008 170511s2009 my | e i 000 0 eng d
020 _a967701160X :
_cRM150.00
040 _aAKMAL
082 0 4 _a382.709595 MAL
_222
090 0 0 _a382.709595
_bMAL
245 1 4 _aThe Alphabetical Index 2009 To The Customs Duties Order /
_ccompiled by Research Dept. and Customs Up-Dating Service Dept.
246 1 8 _aIndex to customs duties order
250 _a26 ed.
260 _aKuala Lumpur :
_bMDC Publishers,
_c2009
300 _a704p. ;
_c31cm.
650 1 0 _aTariff
_xLaw and legislation
_zMalaysia
_vIndexes
_93612
650 2 0 _aTariff
_zMalaysia
_vTerminology and classification
_93613
942 _2ddc
_cBOOK
950 _lAKMAL